Die teuersten Fußballtransfers - Linker Verteidiger - Saison 2016-2017 - Statistiken

Allgemein
  • Dieses Quiz wurde 13 mal gespielt
  • Das Durchschnittsergebnis liegt bei 3 aus 12
Antwortstatistiken
Ablöse (M €) Nationalität Abgebender Verein Aufnehmender Verein Spieler % Korrekt
14,00 Croatien US Sassuolo Atlético Madrid Sime Vrsaljko
75%
6,00 Belgien FC Brügge Paris SG Thomas Meunier
75%
15,00 Frankreich LOSC Lille AS Monaco Djibril Sidibé
63%
4,00 Spanien FC Sevilla FC Schalke 04 Coke
50%
5,90 Vereinigte Staaten Tottenham Newcastle United DeAndre Yedlin
38%
4,00 Chile Juventus Turin Cagliari Calcio Mauricio Isla
25%
4,70 Kamerun FC Watford West Brom Allan Nyom
13%
8,90 Niederlande Newcastle United FC Watford Daryl Janmaat
0%
6,00 Mexiko FC Watford FC Porto Miguel Layún
0%
10,95 China SD Luneng Hebei Fortune Mingjian Zhao
0%
4,00 Schweiz/ Österreich Grasshoppers Rubin Kazan Moritz Bauer
0%
8,28 China Liaoning FC Beijing Guoan Taiyan Jin
0%
Keine übereinstimmenden Quizze gefunden
Verteilung der Resultate
Anzahl Personen mit jedem Resultat
Perzentil nach korrekt beantworteten Fragen
Ihre Resultats-Entwicklung
Sie haben dieses Quiz noch nicht gespielt